Geometrical optics in engineering physics
Đã lưu trong:
| Hovedforfatter: | |
|---|---|
| Format: | Bog |
| Sprog: | Undetermined |
| Udgivet: |
Harrow, UK.
Alpha Science International Ltd.
2005
|
| Fag: | |
| Tags: |
Tilføj Tag
Ingen Tags, Vær først til at tagge denne postø!
|
| Thư viện lưu trữ: | Trung tâm Học liệu Trường Đại học Cần Thơ |
|---|
| LEADER | 00572nam a2200193Ia 4500 | ||
|---|---|---|---|
| 001 | CTU_129157 | ||
| 008 | 210402s9999 xx 000 0 und d | ||
| 020 | |c 1851000 | ||
| 082 | |a 535.32 | ||
| 082 | |b K91 | ||
| 100 | |a Kravtsov, Yury A. (Yury Alexandrovich) | ||
| 245 | 0 | |a Geometrical optics in engineering physics | |
| 245 | 0 | |c Yury A. Kravtsov | |
| 260 | |a Harrow, UK. | ||
| 260 | |b Alpha Science International Ltd. | ||
| 260 | |c 2005 | ||
| 650 | |a Geometrical optics.,Quang hình học | ||
| 904 | |i Minh | ||
| 980 | |a Trung tâm Học liệu Trường Đại học Cần Thơ | ||